Statistiques concernant Radios - Bande FM - Paris

Cliquez ici pour prendre le quiz!

Statistiques générales

  • Ce quiz a été pris 98 fois
    (84 depuis la dernière actualisation)
  • Le résultat moyen est 18 sur 50

Statistiques - réponses

FréquenceRadio% Correct
90.4 Nostalgie
86%
100.3 NRJ
84%
104.3RTL
80%
104.7Europe 1
77%
105.5 France Info
77%
87.8 France Inter
77%
101.9Fun Radio
77%
107.1France Bleu
70%
103.1RMC
68%
96 Skyrock
68%
93.5 France culture
66%
97.4 Rire et chansons
66%
91.3 Chérie FM
61%
105.9RTL 2
61%
103.9RFM
59%
103.5Virgin Radio
55%
91.7 France musique
48%
98.2 Radio FG
48%
101.1 Radio classique
41%
105.1 FIP
39%
92.1 Mouv'
39%
107.7 Autoroute FM
32%
100.7Fréquence Protestante / Notre-Dame
32%
95.6 Radio courtoisie
30%
94.8 RCJ / Shalom / Judaiques / Radio J
27%
89.9 TSF Jazz
27%
96.4 BFM Business
25%
102.7MFM Radio
25%
101.5Radio Nova
25%
99.90 Sud Radio
25%
97.8 Ado FM / Swigg FM
23%
106.7Beur FM
23%
96.9 Voltage
20%
102.3Ouï FM
18%
99 Radio Latina
18%
107.5Africa n°1
16%
89 Radio France
16%
88.6 Radio soleil
16%
90.9 Chante France
14%
88.2 Générations
14%
93.9 Vivre FM / Radio Campus Paris
9%
93.1 Aligre FM
7%
99.5 AYP FM / France Maghreb
7%
92.6 Tropiques FM
7%
98.6 Radio Alfa
5%
89.4 Radio libertaire
5%
94.3 Radio Orient
5%
106.3Fréquence Paris plurielle
2%
98Radio Enghien
2%
95.2 Radio Ici et Maintenant / Néo
2%

Distribution des résultats

Percentile par nombre de réponses

% des personnes avec chaque résultat

Votre développement - résultats

Vous n’avez pas pris ce quiz depuis la dernière actualisation